| 000 | 00449nam a2200157Ia 4500 | ||
|---|---|---|---|
| 008 | 180921t2014 xxu||||| |||| 00| 0 eng d | ||
| 041 | _aeng | ||
| 080 |
_a355 _bOFT |
||
| 100 |
_aMaithreyi Rajeshkumar _eed. |
||
| 245 | _aOf Tamils and Tigers : a journey through Sri Lanka,s war years,part 11 1994 - 2004 | ||
| 260 |
_bVijitha Yapa _aColombo _c2014 |
||
| 300 | _b411p, 21cm | ||
| 942 | _cBK | ||
| 999 |
_c3882 _d3882 |
||
| 003 | LK-CoDNM | ||
| 040 |
_aLK-CoDNM _dLK-CoDNM _eLK-CoDNM |
||